| 000 | 00834nam a22002777a 4500 | ||
|---|---|---|---|
| 001 | 0149 | ||
| 003 | DO-SdBNP | ||
| 005 | 20180222100403.0 | ||
| 007 | 0149 | ||
| 008 | 151005b1984 sp 00| 0 spa d | ||
| 020 | _a3492021328 | ||
| 040 |
_aBPMSU _bspa _cBPMSU |
||
| 100 | 1 | _aThiel, Hans Peter | |
| 245 | 1 | 0 |
_aExplícame los descubrimientos / _benciclopedia infantil _cHans Peter Thiel, Ferdinad Anton ; ilustraciones Helmut Ball, Ilse Ross, Rodolf Ross |
| 260 |
_aBilbao, España : _bEdiciones Mensajero, _c1984. |
||
| 300 |
_a101 p. : _bil. _c25 cm. |
||
| 500 | _aIncluye índice. | ||
| 521 | 1 | _aA partir de los 12 años | |
| 700 | 1 | 2 | _aAnton, Ferdinand |
| 700 | 1 | 2 |
_aBall, Helmut _eil. |
| 700 | 1 | 2 |
_aRoss, Ilse _eil. |
| 700 | 1 | 2 |
_aRoss, Rudolf _eil. |
| 942 |
_2ddc _cBK |
||
| 945 | _aInventariado, 2019/MFF | ||
| 956 | _aYngrid Lockward | ||
| 999 |
_c8873 _d8873 |
||